|
|
|
|
| LEADER |
00000cam a2200000 7i4500 |
| 001 |
0000004432 |
| 002 |
000004763 |
| 005 |
20000330.0 |
| 020 |
|
|
|a 1852510706
|
| 090 |
0 |
0 |
|a 658.00941
|b SAV
|
| 100 |
1 |
|
|a Savage, Peter
|
| 245 |
1 |
0 |
|a Who cares wins :
|b how to unlock the hidden potential in people at work and turn ordinary companies into winners
|c Peter Savage
|
| 260 |
|
|
|a London :
|b Mercury Books ,
|c 1988
|
| 300 |
|
|
|a 134p. ;
|c 25cm.
|
| 650 |
0 |
0 |
|a Management
|z Great Britain
|
| 999 |
|
|
|a 031405
|b BUKU
|c PINJAMAN
|e PERPUSTAKAAN KOMUNITI PETALING JAYA
|
| 999 |
|
|
|a 031406
|b BUKU
|c PINJAMAN
|e PERPUSTAKAAN KOMUNITI PETALING JAYA
|
| 999 |
|
|
|a 031407
|b BUKU
|c PINJAMAN
|e PERPUSTAKAAN KOMUNITI PETALING JAYA
|